Fifa 15 Fastest Players - Statistics

General Stats
  • This quiz has been taken 138 times
  • The average score is 5 of 20
Answer Stats
Rank Answer % Correct
14 Cristiano Ronaldo
82%
18 Lionel Messi
79%
2 Theo Walcott
61%
6 Gareth Bale
57%
12 Arjen Robben
40%
4 Pierre-Emerick Aubameyang
40%
3 Jonathan Biabiany
33%
1 Mathis Bolly
33%
17 Gervinho
23%
13 Raheem Sterling
22%
16 Cuadrado
15%
20 DeAndre Yedlin
8%
15 Lucas
8%
19 Obafemi Martins
5%
10 Ryo Miyaichi
5%
5 Dominic Oduro
4%
9 Kekuta Manneh
4%
11 Nanamdi Oduamadi
3%
8 Fahad Al-Muwallad
1%
7 Cedrick Mabwati
0%
No matching quizzes found
Score Distribution
Percent of People with Each Score
Percentile by Number Answered
Your Score History
You have not taken this quiz